Принцип соответствия нагрузок при разрушении твердых диэлектрических материалов; Физика диэлектриков и перспективы ее развития; Т. 2: Поляризация, электретный эффект. Старение и пробой диэлектриков

Detalhes bibliográficos
Parent link:Физика диэлектриков и перспективы ее развития: всесоюзная конференция, Ленинград, 22- 26 октября 1973 г./ Физико-технический институт им. А. Ф. Иоффе; Институт химии силикатов; Ленинградский политехнический институт им. М. И. Калинина.— , 1973
Т. 2: Поляризация, электретный эффект. Старение и пробой диэлектриков.— 1973.— С. 267
Autor principal: Воробьев А. А. Александр Акимович
Outros Autores: Дмитревский (Дмитриевский) В. С. Виктор Сергеевич
Idioma:russo
Publicado em: 1973
Assuntos:
Formato: MixedMaterials Capítulo de Livro
KOHA link:https://koha.lib.tpu.ru/cgi-bin/koha/opac-detail.pl?biblionumber=168449

MARC

LEADER 00000naa2a2200000 4500
001 168449
005 20231031163120.0
035 |a (RuTPU)RU\TPU\book\182761 
090 |a 168449 
100 |a 20091028d1973 k y0rusy50 ca 
101 0 |a rus 
102 |a RU 
200 1 |a Принцип соответствия нагрузок при разрушении твердых диэлектрических материалов   |f А. А. Воробьев, В. С. Дмитревский (Дмитриевский) 
461 1 |0 (RuTPU)RU\TPU\book\98022  |t Физика диэлектриков и перспективы ее развития  |o всесоюзная конференция, Ленинград, 22- 26 октября 1973 г.  |o в 3 томах  |f Физико-технический институт им. А. Ф. Иоффе; Институт химии силикатов; Ленинградский политехнический институт им. М. И. Калинина  |d 1973 
463 1 |0 (RuTPU)RU\TPU\book\97795  |t Т. 2: Поляризация, электретный эффект. Старение и пробой диэлектриков  |v С. 267  |d 1973  |p 304 с. 
610 1 |a труды учёных ТПУ 
700 1 |a Воробьев  |b А. А.  |c российский физик  |c ректор Томского политехнического института, профессор  |f 1909-1981  |g Александр Акимович  |2 stltpush  |3 (RuTPU)RU\TPU\pers\12805  |4 070 
701 1 |a Дмитревский (Дмитриевский)  |b В. С.  |c специалист в области электротехники  |c доцент Томского политехнического института, кандидат технических наук  |f 1927-  |g Виктор Сергеевич  |2 stltpush  |3 (RuTPU)RU\TPU\pers\12388 
801 1 |a RU  |b 63413507  |c 20091028 
801 2 |a RU  |b 63413507  |c 20220812  |g RCR 
942 |c BK